| 000 | 00000nam##2200000za#4500 |
| 001 | 9.577917 |
| 003 | CaOODSP |
| 005 | 20230131161133 |
| 007 | cr ||||||||||| |
| 008 | 150406|2003||||xxc|||||o f|0| 0 eng|d |
| 040 | |aCaOODSP|beng |
| 043 | |an-cn--- |
| 086 | 1 |aM44-2003/C21E-IN |
| 110 | 2 |aGeological Survey of Canada. |
| 245 | 10|aGold mineralization within the Red Lake mine trend : |h[electronic resource]|bexample from the Cochenour-Willans mine area, Red Lake, Ontario, with new key information from the Red Lake mine and potential analogy with the Timmins camp / |c[by] Benoît Dubé, Kenneth Williamson, and M. Malo. |
| 260 | |aOttawa - Ontario : |bNatural Resources Canada. |cc2003. |
| 300 | |a17p.|bcoloured maps, figs., references, table, photographs |
| 490 | 1 |aCurrent research 2003|v2003-C21 |
| 546 | |a(Résumé en français.) |
| 590 | |a14-09-Supp|b2014-04-23 |
| 830 | #0|aCurrent research (Geological Survey of Canada)|v2003-C21|w(CaOODSP)9.506236 |
| 856 | 40|ahttp://publications.gc.ca|qPDF|s4.80 MB|uhttps://publications.gc.ca/collections/collection_2013/rncan-nrcan/M44-2003-C21-eng.pdf|y2003-C21 |